<?xml version="1.0" encoding="UTF-8"?>
<record
    xmlns:xsi="http://www.w3.org/2001/XMLSchema-instance"
    xsi:schemaLocation="http://www.loc.gov/MARC21/slim http://www.loc.gov/standards/marcxml/schema/MARC21slim.xsd"
    xmlns="http://www.loc.gov/MARC21/slim">

  <leader>00408nam a22001217a 4500</leader>
  <datafield tag="999" ind1=" " ind2=" ">
    <subfield code="c">6362</subfield>
    <subfield code="d">6362</subfield>
  </datafield>
  <controlfield tag="008">180620b           ||||| |||| 00| 0 eng d</controlfield>
  <datafield tag="020" ind1=" " ind2=" ">
    <subfield code="a">0-19-926112-1</subfield>
  </datafield>
  <datafield tag="082" ind1=" " ind2=" ">
    <subfield code="a">304.6 WOM</subfield>
  </datafield>
  <datafield tag="100" ind1=" " ind2=" ">
    <subfield code="c">GARCIA BRIGIDA,ANKER RICHARD AND PINNELLI ANTONELLA(ED)</subfield>
  </datafield>
  <datafield tag="245" ind1=" " ind2=" ">
    <subfield code="a">WOMEN IH THE LABOUR MARKET IN CHANGING ECONOMIES: DEMOGRAPHIC ISSUES.</subfield>
  </datafield>
  <datafield tag="250" ind1=" " ind2=" ">
    <subfield code="a">5TH, ED.</subfield>
  </datafield>
  <datafield tag="260" ind1=" " ind2=" ">
    <subfield code="a">GREAT CLARENDON</subfield>
    <subfield code="b">OXFORD UNIVERSITY PRESS</subfield>
    <subfield code="c">2004</subfield>
  </datafield>
  <datafield tag="952" ind1=" " ind2=" ">
    <subfield code="0">0</subfield>
    <subfield code="1">0</subfield>
    <subfield code="2">ddc</subfield>
    <subfield code="4">0</subfield>
    <subfield code="6">304_600000000000000_WOM</subfield>
    <subfield code="7">0</subfield>
    <subfield code="9">18740</subfield>
    <subfield code="a">1000</subfield>
    <subfield code="b">1000</subfield>
    <subfield code="c">Ground Floor </subfield>
    <subfield code="d">2018-06-20</subfield>
    <subfield code="l">0</subfield>
    <subfield code="o">304.6 WOM</subfield>
    <subfield code="p">*000000000824*</subfield>
    <subfield code="r">2019-07-29</subfield>
    <subfield code="w">2018-06-20</subfield>
    <subfield code="y">BOOKS</subfield>
  </datafield>
  <datafield tag="952" ind1=" " ind2=" ">
    <subfield code="0">0</subfield>
    <subfield code="1">0</subfield>
    <subfield code="2">ddc</subfield>
    <subfield code="4">0</subfield>
    <subfield code="6">304_600000000000000_WOM</subfield>
    <subfield code="7">0</subfield>
    <subfield code="9">18741</subfield>
    <subfield code="a">1000</subfield>
    <subfield code="b">1000</subfield>
    <subfield code="c">Ground Floor </subfield>
    <subfield code="d">2018-06-20</subfield>
    <subfield code="l">0</subfield>
    <subfield code="o">304.6 WOM</subfield>
    <subfield code="p">*0000000017083*</subfield>
    <subfield code="r">2019-07-29</subfield>
    <subfield code="w">2018-06-20</subfield>
    <subfield code="y">BOOKS</subfield>
  </datafield>
  <datafield tag="952" ind1=" " ind2=" ">
    <subfield code="0">0</subfield>
    <subfield code="1">0</subfield>
    <subfield code="2">ddc</subfield>
    <subfield code="4">0</subfield>
    <subfield code="6">304_600000000000000_WOM</subfield>
    <subfield code="7">0</subfield>
    <subfield code="9">18742</subfield>
    <subfield code="a">1000</subfield>
    <subfield code="b">1000</subfield>
    <subfield code="c">Ground Floor </subfield>
    <subfield code="d">2018-06-20</subfield>
    <subfield code="l">0</subfield>
    <subfield code="o">304.6 WOM</subfield>
    <subfield code="p">*000000000822*</subfield>
    <subfield code="r">2019-07-29</subfield>
    <subfield code="w">2018-06-20</subfield>
    <subfield code="y">BOOKS</subfield>
  </datafield>
</record>
